[Event "Online Olym Div4 E"]
[Site "Chess.com INT"]
[Date "2021.08.22"]
[Round "10.3"]
[White "Bailey, Matthew"]
[Black "Sixtus, Gabriel"]
[Result "0-1"]
[WhiteElo "1049"]
[BlackElo "1869"]
[PlyCount "148"]
[EventDate "2021.08.20"]
[EventType "team (rapid)"]
[EventRounds "11"]
[EventCountry "USA"]
[SourceTitle "CBM 203 Extra"]
[Source "ChessBase"]
[SourceDate "2021.09.30"]
[SourceVersion "1"]
[SourceVersionDate "2021.09.30"]
[SourceQuality "1"]
[WhiteTeam "Antigua Barbuda"]
[BlackTeam "Santa Lucia"]
[WhiteTeamCountry "ANT"]
[BlackTeamCountry "SLU"]

1. d4 g6 2. c4 Bg7 3. Nc3 d6 4. e4 Nf6 5. f3 0-0 6. Be3 Na6 7. Qd2 c5 8. d5 Nc7 9. Bd3 a6 10. a4 Rb8 11. Nge2 Bd7 12. a5 b5 13. axb6 Rxb6 14. 0-0 h5 15. Rfb1 h4 16. Bh6 h3 17. g3 Qb8 18. Ra2 e6 19. Bxg7 Kxg7 20. Qg5 Rh8 21. e5 dxe5 22. Qxe5 exd5 23. g4 Re8 24. Qf4 d4 25. Ne4 Nxe4 26. Bxe4 Rf6 27. Qg5 Qb3 28. Ra3 Qxc4 29. Nf4 Rb6 30. Nh5+ Kf8 31. Nf6 Rxf6 32. Qxf6 Qe2 33. Qd6+ Kg7 34. Qg3 Ne6 35. Qf2 Qb5 36. Qc2 c4 37. Qd2 g5 38. Ra5 Qb6 39. Kh1 c3 40. Rxg5+ Nxg5 41. Qxg5+ Kf8 42. Qh5 cxb2 43. Qxh3 a5 44. Qh8+ Ke7 45. Qh4+ Kd6 46. Qf6+ Be6 47. Rd1 Kc7 48. Qe5+ Kc8 49. Qf4 Re7 50. Qd2 Rc7 51. Rb1 a4 52. Rxb2 Bb3 53. Qg5 Rd7 54. Bf5 Kc7 55. Bxd7 Kxd7 56. Qf5+ Ke7 57. Qe5+ Kf8 58. Qh8+ Ke7 59. Re2+ Be6 60. Qh4+ Kd7 61. Qf6 Qb1+ 62. Kg2 Qd3 63. Qe5 a3 64. f4 a2 65. f5 Qxe2+ 66. Qxe2 Bd5+ 67. Kh3 a1Q 68. Qb5+ Bc6 69. Qe5 Qc3+ 70. Kh4 Qe3 71. Qa5 Qf2+ 72. Kg5 Qe3+ 73. Kf6 Qh6+ 74. Ke5 Qd6# 0-1

[Event "Online Olym Div4 E"]
[Site "Chess.com INT"]
[Date "2021.08.22"]
[Round "8.4"]
[White "Bailey, Matthew"]
[Black "Tracey, Shaun M"]
[Result "1/2-1/2"]
[WhiteElo "1049"]
[BlackElo "1622"]
[PlyCount "54"]
[EventDate "2021.08.20"]
[EventType "team (rapid)"]
[EventRounds "11"]
[EventCountry "USA"]
[SourceTitle "CBM 203 Extra"]
[Source "ChessBase"]
[SourceDate "2021.09.30"]
[SourceVersion "1"]
[SourceVersionDate "2021.09.30"]
[SourceQuality "1"]
[WhiteTeam "Antigua Barbuda"]
[BlackTeam "Cayman Islands"]
[WhiteTeamCountry "ANT"]
[BlackTeamCountry "CAY"]

1. d4 e6 2. c4 f5 3. Nf3 Nf6 4. g3 d5 5. Bg2 c6 6. 0-0 Bd6 7. b3 Qe7 8. Bb2 0-0 9. Nc3 Nbd7 10. e3 Ne4 11. c5 Bc7 12. Qc2 Ndf6 13. Ne2 Bd7 14. Nf4 Be8 15. Nd3 Nd7 16. b4 Bg6 17. a4 a6 18. b5 axb5 19. axb5 cxb5 20. Qb3 Rab8 21. Qxb5 Be8 22. Qb3 Ndf6 23. Ra7 Bc6 24. Rfa1 Ng4 25. h3 Ngf6 26. Nde5 Bxe5 27. Nxe5 Qe8 1/2-1/2

[Event "Online Olym Div4 E"]
[Site "Chess.com INT"]
[Date "2021.08.21"]
[Round "5.2"]
[White "Harper, Ryan"]
[Black "Bailey, Matthew"]
[Result "1-0"]
[WhiteElo "2184"]
[BlackElo "1049"]
[PlyCount "115"]
[EventDate "2021.08.20"]
[EventType "team (rapid)"]
[EventRounds "11"]
[EventCountry "USA"]
[SourceTitle "CBM 203 Extra"]
[Source "ChessBase"]
[SourceDate "2021.09.30"]
[SourceVersion "1"]
[SourceVersionDate "2021.09.30"]
[SourceQuality "1"]
[WhiteTeam "Trinidad and Tobago"]
[BlackTeam "Antigua Barbuda"]
[WhiteTeamCountry "TRI"]
[BlackTeamCountry "ANT"]

1. e4 c6 2. d4 d5 3. e5 Bf5 4. Nf3 e6 5. Be2 Nd7 6. 0-0 h6 7. c4 Ne7 8. Nc3 dxc4 9. Bxc4 Nb6 10. Bb3 Ned5 11. a3 Be7 12. Re1 0-0 13. Ne4 Rc8 14. Bd2 Nd7 15. Rc1 Re8 16. Ba2 Qb6 17. b4 a6 18. Bb1 Nf8 19. Ng3 Bxb1 20. Rxb1 Ng6 21. Re4 Qb5 22. Rb3 Qa4 23. h4 Rc7 24. h5 Nf8 25. Rg4 Kh8 26. Qb1 Nh7 27. Ne4 Bf8 28. Nh4 Qb5 29. Rbg3 Qe2 30. Bxh6 f5 31. exf6 Ndxf6 32. Nxf6 Nxf6 33. Rg6 Rf7 34. R6g5 Qe4 35. Ng6+ Kh7 36. Nxf8+ Rexf8 37. Qxe4+ Nxe4 38. Bxg7 Nxg3 39. Bxf8 Ne2+ 40. Kf1 Nxd4 41. Bc5 Nb5 42. a4 Nc3 43. a5 Nd5 44. Re5 Rf6 45. g4 Kg8 46. Kg2 Kg7 47. Rxd5 cxd5 48. Bd4 Kf7 49. Bxf6 Kxf6 50. f4 d4 51. Kf3 e5 52. fxe5+ Kxe5 53. Ke2 Kf6 54. Kd3 Kg5 55. Kxd4 Kh6 56. Kc5 Kg5 57. Kb6 Kxg4 58. h6 1-0

[Event "FIDE World Uni Rapid-D 1st"]
[Site "Tornelo INT"]
[Date "2021.03.20"]
[Round "5"]
[White "Bailey, Matthew"]
[Black "Vernimmen, Pierre"]
[Result "0-1"]
[WhiteElo "1049"]
[BlackElo "2010"]
[PlyCount "108"]
[EventDate "2021.03.20"]
[EventType "swiss (rapid)"]
[EventRounds "12"]
[EventCountry "NET"]
[SourceTitle "EXT 2022"]
[Source "ChessBase"]
[SourceDate "2021.10.06"]
[SourceVersion "1"]
[SourceVersionDate "2021.10.06"]
[SourceQuality "1"]

1. d4 Nf6 2. c4 e6 3. Nc3 Bb4 4. f3 0-0 5. a3 Bxc3+ 6. bxc3 c5 7. e3 Nc6 8. Bd3 b6 9. Ne2 Ba6 10. 0-0 Na5 11. e4 Ne8 12. Ng3 g6 13. Bh6 Ng7 14. e5 Rc8 15. f4 f5 16. exf6 Qxf6 17. Bg5 Qf7 18. Ne4 Rc6 19. Nf6+ Kh8 20. d5 exd5 21. cxd5 Rxf6 22. Bxf6 Bxd3 23. Bxg7+ Kxg7 24. Qxd3 d6 25. f5 gxf5 26. Qg3+ Qg6 27. Qxd6 Qxd6 28. Rad1 Nc4 29. Rf3 Re8 30. g3 Ne3 31. Re1 Qxd5 32. Rfxe3 Rxe3 33. Rxe3 Qd1+ 34. Kf2 Qd2+ 35. Kf3 Qxh2 36. Re7+ Kf6 37. Rxa7 Qc2 38. Rxh7 Qxc3+ 39. Kg2 Qxa3 40. Rh6+ Ke5 41. Rxb6 c4 42. Rb5+ Ke4 43. Rb8 c3 44. Re8+ Kd5 45. Rd8+ Ke6 46. Re8+ Kf7 47. Rc8 Qb2+ 48. Kf3 c2 49. Rc7+ Kf6 50. g4 fxg4+ 51. Kg3 Qe5+ 52. Kh4 Qxc7 53. Kh5 c1Q 54. Kxg4 Qg5+ 0-1

[Event "FIDE World Uni Blitz-C 1st"]
[Site "Tornelo INT"]
[Date "2021.03.13"]
[Round "9.54"]
[White "Asmita, Das"]
[Black "Bailey, Matthew"]
[Result "0-1"]
[WhiteElo "1759"]
[BlackElo "1049"]
[PlyCount "94"]
[EventDate "2021.03.13"]
[EventType "swiss (blitz)"]
[EventRounds "10"]
[EventCountry "NET"]
[SourceTitle "EXT 2022"]
[Source "ChessBase"]
[SourceDate "2021.10.06"]
[SourceVersion "1"]
[SourceVersionDate "2021.10.06"]
[SourceQuality "1"]

1. e4 c6 2. d4 d5 3. exd5 cxd5 4. Nf3 Nc6 5. Bb5 Nf6 6. Ne5 Bd7 7. Nxd7 Qxd7 8. 0-0 e6 9. Bf4 Bd6 10. Bxd6 Qxd6 11. Nd2 0-0 12. Nf3 Ne4 13. c3 f5 14. Bxc6 bxc6 15. Ne5 Rae8 16. Qa4 c5 17. Qxa7 cxd4 18. cxd4 Re7 19. Qa4 f4 20. f3 Ng5 21. Qc6 Qxc6 22. Nxc6 Rb7 23. b3 Rc8 24. Rfc1 Kf8 25. b4 Nf7 26. a4 Nd6 27. b5 Nc4 28. Ne5 Ke7 29. Nc6+ Kd6 30. Rcb1 Nd2 31. Rb4 Rxc6 32. bxc6 Rxb4 33. Rc1 Rc4 34. Rxc4 Nxc4 35. Kf2 Kxc6 36. Ke2 Kb6 37. Kd3 Ka5 38. g3 fxg3 39. hxg3 Kxa4 40. g4 Kb3 41. f4 g6 42. g5 Nd6 43. Ke3 Kc3 44. Kf3 Nf5 45. Kg4 Kxd4 46. Kf3 Kc3 47. Kg4 d4 0-1

[Event "FIDE World Uni Blitz-C 1st"]
[Site "Tornelo INT"]
[Date "2021.03.13"]
[Round "7.57"]
[White "Solime, Marco"]
[Black "Bailey, Matthew"]
[Result "1-0"]
[WhiteElo "1781"]
[BlackElo "1049"]
[PlyCount "51"]
[EventDate "2021.03.13"]
[EventType "swiss (blitz)"]
[EventRounds "10"]
[EventCountry "NET"]
[SourceTitle "EXT 2022"]
[Source "ChessBase"]
[SourceDate "2021.10.06"]
[SourceVersion "1"]
[SourceVersionDate "2021.10.06"]
[SourceQuality "1"]

1. e4 c6 2. d4 d5 3. exd5 cxd5 4. c4 Nf6 5. Nc3 e6 6. Nf3 Be7 7. c5 0-0 8. Bd3 Nc6 9. Bb1 b6 10. cxb6 axb6 11. 0-0 Ba6 12. Re1 Rc8 13. Bg5 h6 14. Bh4 b5 15. a3 b4 16. Qc2 g6 17. axb4 Nxb4 18. Qd2 Kg7 19. Ne5 Bc4 20. Re3 g5 21. Rg3 Nh7 22. Bxh7 Kxh7 23. Ng4 f6 24. Rh3 Kg7 25. Bg3 Rh8 26. Ra7 1-0